| 000 | 01650cad a22002775a 4500 | ||
|---|---|---|---|
| 001 | L160081 | ||
| 008 | 120529s2010 xxk g 000 0 eng d | ||
| 035 | _a(Sirsi) u160081 | ||
| 041 | 0 | _aeng | |
| 110 | _aFederation International Des Geometres | ||
| 111 | 2 |
_aFIG Working Week 2010 _bSydney, Australia _c11-16 April 2010 |
|
| 245 | 0 | 4 |
_aThe economic benefit of appropriate education in hydrography _h[electronic resource] |
| 260 |
_aSydney _bFIG _c2010 |
||
| 520 | _aThe collection, processing and analysis of hydrographic data are highly technical processes requiring specialized training and education. Competent hydrographers must be both well trained and well educated. Traditionally, training and education have been dealt with separately. Vendors of modern hydrographic instruments and software are in an excellent position to help combine the two. The concept of collaboration between hydrographic organization, hardware and software vendors, and academia can lead to the development of education/training modules that would benefit all in the industry. | ||
| 650 | 2 | 4 |
_aHYDROGRAPHY _96245 |
| 650 | 2 | 4 | _aCAREERS, EDUCATION AND TRAINING |
| 651 | 4 | _aUnited Kingdom | |
| 651 | 4 | _aCanada | |
| 690 | _aTRAINING AND EDUCATION | ||
| 700 | 1 | _aDodd, David | |
| 700 | 1 | _aJohnston, G. | |
| 700 | 1 | _aHoggarth, Andrew | |
| 856 | 4 | 0 |
_uhttps://www.rics.org/Global/Downloads/The_Economic_Benefits_of_Hydrography.pdf _zView the paper free of charge at www.rics.org |
| 856 | 4 | 0 |
_uhttps://fig.net/resources/proceedings/fig_proceedings/fig2010/ppt/ts08i/ts08i_johnston_ppt_4615.pdf _zView the presentation free of charge at www.fig.net |
| 942 | _n0 | ||
| 999 |
_c116198 _d116198 |
||